000 00309nam a22001337a 4500
008 181220b xxu||||| |||| 00| 0 eng d
020 _a9780942219111
041 _aeng
080 _a610
100 _a4
101 _aSHM
245 _aManaging in Academics a Health Center Model
_cRidky,J
942 _2udc
_cBK
999 _c53564
_d53564